ბათუმის შოთა რუსთაველის სახელმწიფო უნივერსიტეტის ბიბლიოთეკა

Обслуживание и ремонт линейной части магистральных нефтепродуктопроводов. (ბიბ.ჩანაწერი № 38207)

000 -LEADER
fixed length control field 00864nam a2200217Ia 4500
001 - CONTROL NUMBER
control field 4197
003 - CONTROL NUMBER IDENTIFIER
control field GE_BSU
008 - FIXED-LENGTH DATA ELEMENTS--GENERAL INFORMATION
fixed length control field 181216s||||||||xx |||||||||||||| ||und||
040 ## - CATALOGING SOURCE
Transcribing agency GE_BSU
080 ## - UNIVERSAL DECIMAL CLASSIFICATION NUMBER
Universal Decimal Classification number 621.63.004(075.8)
100 ## - MAIN ENTRY--PERSONAL NAME
Personal name Ращепкин,К.Е. Овчинников,И.С. Суетинова,Т.Д. и др.
245 ## - TITLE STATEMENT
Title Обслуживание и ремонт линейной части магистральных нефтепродуктопроводов.
245 ## - TITLE STATEMENT
Statement of responsibility, etc. Ред. из-во В.Г. Комикова.
260 ## - PUBLICATION, DISTRIBUTION, ETC.
Place of publication, distribution, etc. М.
260 ## - PUBLICATION, DISTRIBUTION, ETC.
Name of publisher, distributor, etc. Недра.
260 ## - PUBLICATION, DISTRIBUTION, ETC.
Date of publication, distribution, etc. 1969.
300 ## - PHYSICAL DESCRIPTION
Extent 354 стр. 23 см. 147 илл. 147 библиогр.
300 ## - PHYSICAL DESCRIPTION
Accompanying material 90 табл.
653 ## - INDEX TERM--UNCONTROLLED
Uncontrolled term Обслуживание и ремонт линейной части магистральных нефтепродуктопроводов.
942 ## - ADDED ENTRY ELEMENTS (KOHA)
Koha item type წიგნი
ეგზემპლარები
Withdrawn status Lost status Damaged status Not for loan Date acquired Barcode Date last seen Price effective from Koha item type Public note
        2018-12-17 9368 2018-12-17 2018-12-17 წიგნი საცავი